Desarrollo normal y anormal del preescolar

Guardat en:
Dades bibliogràfiques
Autors principals: Weiner, Irving B (Autor), Elkind, David (Autor)
Format: Llibre
Idioma:espanyol
Publicat: Barcelona Paidós 1983
Col·lecció:Paidós educador, 41
Matèries:
Etiquetes: Afegir etiqueta
Sense etiquetes, Sigues el primer a etiquetar aquest registre!

MARC

LEADER 00000nam a2200000 a 4500
001 UCY8929
003 CL-VaPUC
008 950707e19830000SP |||||||||||||||||spa|d
082 0 4 |a 370.15  |b WEI  |2 21 
100 0 |a Weiner, Irving B  |e author  |9 340766 
700 0 |a Elkind, David  |e author  |9 340767 
245 1 0 |a Desarrollo normal y anormal del preescolar 
300 |a 81 p 
942 |c BK 
945 |d 19950707 00:00:00  |a cmena 
260 |a Barcelona  |b Paidós  |c 1983 
650 0 |a Psicología del niño  |9 307305 
650 0 |a Desarrollo individual   |9 307875 
650 0 |a Trastornos del comportamiento  |9 311363 
650 0 |a Desarrollo mental   |9 313003 
650 7 |a DESARROLLO DE LA PERSONALIDAD  |2 CL-VaPUC  |9 311216 
650 0 |a Desarrollo afectivo  |9 334359 
650 0 |a Interacción social   |9 307764 
650 0 |a Niños de edad preescolar  |9 335607 
583 |a last modification  |c 19950707 00:00:00  |k Rodrigo Vera 
490 0 |a Paidós educador, 41 
999 |c 236107  |d 236105 
952 |0 0  |1 0  |4 0  |6 370_150000000000000_WEI_1983  |7 0  |8 A  |9 243962  |a BIBEDU  |b BIBEDU  |d 2019-11-18  |i 1526928  |o 370.15 WEI 1983  |p 1526928  |r 2019-11-18  |w 2019-11-18  |y BK  |k EDU